تحميل...

Fixed point theorems and their applications /

This is the only book that deals comprehensively with fixed point theorems throughout mathematics. Their importance is due, as the book demonstrates, to their wide applicability. Beyond the first chapter, each of the other seven can be read independently of the others so the reader has much flexibil...

وصف كامل

التفاصيل البيبلوغرافية
المؤلفون الرئيسيون: Farmakis, Ioannis, Moskowitz, Martin A. (مؤلف)
التنسيق: Printed Book
اللغة:English
منشور في: New Jersey : World Scientific, 2013.
الموضوعات:
LEADER 01998cam a22003137i 4500
008 131129t20132013njua b 001 0 eng d
010 |a  2012277924 
016 7 |a 016483840  |2 Uk 
020 |a 9789814458917 
020 |a 9814458910 
035 |a (OCoLC)ocn826997412 
042 |a lccopycat 
082 0 4 |a 515.7248  |2 23 
084 |2 msc  |a 47-01 
100 1 |a Farmakis, Ioannis, 
245 1 0 |a Fixed point theorems and their applications /  |c Ioannis Farmakis, Martin Moskowitz, City University of New York, USA. 
260 |a New Jersey :  |b World Scientific,  |c 2013. 
300 |a xi, 234 pages :  |b illustrations ;  |c 24 cm 
504 |a Includes bibliographical references (pages 219-227) and index. 
505 0 |a Preface and acknowledgments -- Introduction -- Early fixed point theorems -- Fixed point theorems in analysis -- The Lefschetz fixed point theorem -- Fixed point theorems in geometry -- Fixed points of volume preserving maps -- Borels fixed point theorem in algebraic groups -- Miscellaneous fixed point theorems -- A fixed point theorem in set theory. 
520 3 |a This is the only book that deals comprehensively with fixed point theorems throughout mathematics. Their importance is due, as the book demonstrates, to their wide applicability. Beyond the first chapter, each of the other seven can be read independently of the others so the reader has much flexibility to follow his/her own interests. The book is written for graduate students and professional mathematicians and could be of interest to physicists, economists and engineers -- 
650 0 |a Fixed point theory. 
700 1 |a Moskowitz, Martin A.,  |e author. 
906 |a 7  |b cbc  |c copycat  |d 2  |e ncip  |f 20  |g y-gencatlg 
942 |c BK 
955 |b rl09 2013-12-26 z-processor  |i rl09 2013-12-31 ; to CALM 
955 |b xn03 2013-11-29 z-processor to USPL 
999 |c 136183  |d 136183 
952 |0 0  |1 0  |4 0  |6 4701_FAR  |7 0  |9 150730  |a MAT  |b MAT  |c ST1  |d 2016-07-26  |g 3293.95  |i 6965  |l 1  |o 47-01 FAR  |p MAT6965  |r 2019-09-03  |s 2019-05-07  |w 2018-08-20  |y BK